[Event "Corus C"]
[Site "Wijk aan Zee NED"]
[Date "2005.01.28"]
[Round "11"]
[White "Bosboom,M"]
[Black "Wempe,Jo"]
[Result "1-0"]
[WhiteElo "2426"]
[BlackElo "2265"]

1.c4 e6 2.Nf3 d5 3.g3 Nf6 4.Bg2 c6 5.Qc2 b6 6.O-O Bb7 7.d4 Be7 8.Rd1 Nbd7
9.cxd5 cxd5 10.Nc3 O-O 11.Bf4 Rc8 12.Qb3 a6 13.a4 Nh5 14.Bd2 Nb8 15.Ne5 Nf6
16.Na2 Nc6 17.Nxc6 Bxc6 18.Bb4 Bxb4 19.Nxb4 Bb7 20.Nd3 a5 21.Rac1 Qd6 22.e3 Rxc1
23.Rxc1 Rc8 24.Bf1 Rxc1 25.Nxc1 Qc7 26.Na2 Ne4 27.Bd3 Nd6 28.Nc3 g6 29.h4 h5
30.Kf1 Nc4 31.Qc2 Kg7 32.Nb5 Qd7 33.Bxc4 dxc4 34.Qxc4 Bc6 35.Nc3 Qb7 36.Qd3 f5
37.Ke1 Qd7 38.Qa6 Qd8 39.Qa7+ Kh6 40.Qf7 Bd7 41.Ne2 Qe8 42.Qf6 Kh7 43.Nf4 Bxa4
44.Nxe6 Qg8 45.d5 Bb3 46.Nf8+ Kh6 47.Qg5+ Kg7 48.Nxg6  1-0

[Event "13th Fajr Open"]
[Site "Tehran IRI"]
[Date "2005.01.31"]
[Round "7"]
[White "Bistric,F"]
[Black "Badjarani,I"]
[Result "1-0"]
[WhiteElo "2454"]
[BlackElo "2333"]

1.c4 e6 2.Nf3 d5 3.b3 a5 4.e3 a4 5.bxa4 Nf6 6.Bb2 Nbd7 7.Nc3 Bb4 8.cxd5 exd5
9.Qb3 Bxc3 10.Qxc3 O-O 11.Bd3 Nb6 12.Qc2 Nxa4 13.Bxf6 Qxf6 14.O-O Bg4 15.Nd4 c5
16.Bxh7+ Kh8 17.Bf5 Bxf5 18.Nxf5 g6 19.Ng3 Kg7 20.Rab1 b6 21.f4 Rh8 22.f5 Qh4
23.f6+ Kg8 24.Rf4 Qxh2+ 25.Kf2 c4 26.Rh1 Qxh1 27.Nxh1 Rxh1 28.Rg4 Nc5 29.Rxg6+ Kf8
30.Rg4 Nd3+ 31.Kg3 Rc1 32.Rh4 Kg8 33.Rg4+ Kh7 34.Rg7+ Kh8 35.Qxc1 Nxc1 36.Rxf7 Kg8
37.Rg7+ Kf8 38.Kf4 b5 39.g4 Rxa2 40.g5 Nd3+ 41.Kf5 Nc5 42.Rc7  1-0

[Event "XII TCh-RUS 1st League"]
[Site "Smolensk RUS"]
[Date "2005.02.09"]
[Round "8"]
[White "Gazakaev,S"]
[Black "Vitiugov,N"]
[Result "0-1"]
[WhiteElo "2343"]
[BlackElo "2478"]

1.c4 e6 2.Nf3 d5 3.g3 Nf6 4.b3 c5 5.Bg2 Nc6 6.O-O d4 7.d3 Be7 8.e4 e5 9.h3 h6
10.Nh2 g5 11.f4 gxf4 12.gxf4 exf4 13.Bxf4 Be6 14.Nd2 Qd7 15.Qf3 O-O-O 16.b4 cxb4
17.a3 bxa3 18.Nb3 Nh7 19.Bxh6 Rdg8 20.Kf2 Ne5 21.Qe2 Bh4+ 22.Kg1 Bxh3  0-1

[Event "III Festival Olimpico"]
[Site "Salinas ECU"]
[Date "2005.02.19"]
[Round "4"]
[White "Arencibia,W"]
[Black "Mieles Palau,D"]
[Result "1/2-1/2"]
[WhiteElo "2528"]
[BlackElo "2444"]

1.c4 e6 2.Nf3 d5 3.b3 Nf6 4.g3 c5 5.Bg2 Nc6 6.O-O Be7 7.e3 O-O 8.Bb2 b6 9.Nc3 Bb7
10.cxd5 exd5 11.d4 Ne4 12.dxc5 Bf6 13.Nxe4 Bxb2 14.Nd6 Bxa1 15.Nxb7 Qd7 16.Nd6 bxc5
17.Qxd5 Rad8 18.Qxc5 Qxd6 19.Qxd6 Rxd6 20.Rxa1 Rfd8 21.Kf1 Rd1+ 22.Rxd1 Rxd1+
23.Ke2 Ra1 24.Nd2 Nb4 25.a4 Kf8 26.Be4 Rc1 27.Nf3 Ra1 28.g4 h6 29.h4 Na2
30.Bc2 Nb4 31.Be4  1/2-1/2

[Event "Aeroflot Open B"]
[Site "Moscow RUS"]
[Date "2005.02.23"]
[Round "9"]
[White "Marin,M"]
[Black "Pashikian,A"]
[Result "1/2-1/2"]
[WhiteElo "2540"]
[BlackElo "2465"]

1.c4 e6 2.Nf3 d5 3.b3 c5 4.g3 Nc6 5.Bg2 Be7 6.Nc3 Nf6 7.O-O O-O 8.e3 b6 9.Bb2 Bb7
10.cxd5 Nxd5 11.Nxd5 Qxd5 12.d4 Qf5 13.Ne5 Nxe5 14.Bxb7 Rad8 15.Qe2 cxd4
16.Bxd4 Bf6 17.Rad1 Nd7 18.Qa6 e5 19.e4 Qh5 20.Be3 Nb8 21.Rxd8 Nxa6 22.Rxf8+ Kxf8
23.Bxa6 Bg5 24.Bxg5 Qxg5 25.Rd1 Ke7 26.a4 Qg4 27.Re1 h5 28.Kg2 h4 29.h3 Qg5
30.g4 g6 31.Re3 f6 32.Bc4  1/2-1/2

[Event "ch-RUS u20"]
[Site "Nojabrsk RUS"]
[Date "2005.03.02"]
[Round "1"]
[White "Iljin,A"]
[Black "Riazantsev,A"]
[Result "0-1"]
[WhiteElo "2482"]
[BlackElo "2596"]

1.c4 e6 2.Nf3 d5 3.g3 Nf6 4.Bg2 dxc4 5.Qa4+ c6 6.Qxc4 b5 7.Qc2 Bb7 8.O-O Nbd7
9.a4 a6 10.Nc3 Rc8 11.d3 Be7 12.e4 O-O 13.Be3 b4 14.Nb1 c5 15.Nbd2 Ng4 16.Bf4 g5
17.Be3 Nxe3 18.fxe3 g4 19.Ne1 Ne5 20.Nc4 Bf6 21.Rd1 Bg7 22.Nxe5 Bxe5 23.Qe2 h5
24.b3 Rc7 25.d4 cxd4 26.Nd3 Bg7 27.Nxb4 Rc3 28.exd4 Qb6 29.Nd3 Qxd4+ 30.Kh1 Rxb3
31.Rfe1 Qc3 32.Nf4 Qe5 33.Rb1 Rxb1 34.Rxb1 Ba8 35.Qxa6 h4 36.Nd3 Qd4 37.gxh4 Bxe4  0-1

[Event "Sozina Open"]
[Site "Bar SCG"]
[Date "2005.03.07"]
[Round "4"]
[White "Damljanovic,B"]
[Black "Schneider,Dm"]
[Result "1-0"]
[WhiteElo "2587"]
[BlackElo "2475"]

1.c4 e6 2.Nf3 d5 3.d4 c6 4.Nbd2 Nf6 5.g3 c5 6.Bg2 Nc6 7.O-O cxd4 8.cxd5 Qxd5
9.Nb3 d3 10.exd3 Qd8 11.d4 Be7 12.Ne5 Nb4 13.Nc5 Nbd5 14.Qa4+ Kf8 15.Ne4 h6
16.Be3 g6 17.Qd1 Kg7 18.Qd2 Qe8 19.Rac1 Nxe4 20.Bxe4 Bb4 21.Qd3 Bd6 22.Qb3 Nxe3
23.Qxe3 Qe7 24.Nc4 Rd8 25.Rc2 Rb8 26.Rfc1 Bd7 27.Ne5 Be8 28.h4 h5 29.Bf3 b6
30.a3 Qf6 31.Bc6 Rbc8 32.Bxe8 Rxc2 33.Rxc2 Rxe8 34.Qe4 Bxe5 35.Qxe5 Re7 36.Rc8 Qxe5
37.dxe5 Rd7 38.Ra8 f6 39.exf6+ Kxf6 40.Kf1 Rc7 41.b4 b5 42.Ke1 Rd7 43.Rf8+ Ke7
44.Rh8 Rd3 45.Rh7+ Kf6 46.Rxa7 Rb3 47.Ra5 e5 48.Ke2 Ke6 49.Rxb5 Rxa3 50.Rb6+ Kf5
51.Rb8 Ke6 52.b5 Rb3 53.b6 Kf7 54.Kd2 Rb2+ 55.Kc3 Rb1 56.f3 Kg7 57.Kc4 Rb3
58.Kc5 Rb2 59.Kd5 Rd2+ 60.Kxe5 Re2+ 61.Kd4 Rb2 62.g4 hxg4 63.fxg4 Rb1 64.Kc5 Rc1+
65.Kd6 Rb1 66.g5 Kh7 67.Rb7+  1-0

[Event "Acropolis Women's GM Open"]
[Site "Athens GRE"]
[Date "2005.03.08"]
[Round "3"]
[White "Smokina,K"]
[Black "Houska,Jo"]
[Result "1/2-1/2"]
[WhiteElo "2241"]
[BlackElo "2325"]

1.c4 e6 2.Nf3 d5 3.e3 Nf6 4.b3 Be7 5.Bb2 b6 6.Qc2 Bb7 7.Nc3 c5 8.cxd5 exd5
9.d4 Nbd7 10.Bd3 Rc8 11.O-O O-O 12.Qe2 Ne4 13.Rac1 cxd4 14.Nxd4 Ndc5 15.Rfd1 Nxd3
16.Qxd3 Bh4 17.g3 Bf6 18.Nce2 Qd7 19.Ba3 Rfe8 20.Rxc8 Rxc8 21.f3 Nc5 22.Qd2 Re8
23.Nf4 Ne6 24.Bb2 Ng5 25.Kg2 Be5 26.g4 Bd6 27.Nh5 f6 28.h4 Ne6 29.Nf5 Bf8
30.e4 Qb5 31.exd5 Nc7 32.Nh6+ Kh8 33.Nf7+ Kg8 34.Nh6+ Kh8 35.Nf7+ Kg8  1/2-1/2

[Event "Sozina Open"]
[Site "Bar SCG"]
[Date "2005.03.09"]
[Round "6"]
[White "Stanojevic,B"]
[Black "Mustafic,I"]
[Result "1-0"]
[WhiteElo "2319"]
[BlackElo "2144"]

1.c4 e6 2.Nf3 d5 3.g3 f5 4.Bg2 Nf6 5.O-O Be7 6.Qc2 O-O 7.d4 c6 8.Nbd2 Ne4
9.Ne5 Nd7 10.Ndf3 g5 11.Nxd7 Bxd7 12.Ne5 Be8 13.f3 Nd6 14.b3 Nf7 15.Nxf7 Rxf7
16.e3 h5 17.Bd2 g4 18.f4 h4 19.Rad1 Bf6 20.Rc1 Rh7 21.Be1 Qe7 22.b4 Bd7 23.b5 Kg7
24.bxc6 bxc6 25.Rb1 hxg3 26.hxg3 Kg6 27.Rb7 Qg7 28.Bf2 Qh6 29.Qa4 a5 30.Rfb1 Rah8
31.Kf1 Bd8 32.cxd5 exd5 33.Rxd7 Rxd7 34.Qxc6+ Kh5 35.Qxd7 Qa6+ 36.Qb5 Rh6
37.Bxd5 Rd6 38.Qxa6 Rxa6 39.Ke2 Rd6 40.Bc4 a4 41.Rb5 Kg6 42.Bd3  1-0

[Event "TCh-SWE Elitserien 2004-5"]
[Site "Malmo SWE"]
[Date "2005.03.13"]
[Round "11"]
[White "Loven,A"]
[Black "Rothen,H"]
[Result "1/2-1/2"]
[WhiteElo "2148"]
[BlackElo "2315"]

1.Nf3 e6 2.c4 d5 3.d4 c6 4.Qc2 f5 5.Bf4 Nf6 6.e3 Be7 7.Bd3 O-O 8.Nc3 Ne4
9.h3 b6 10.O-O Nd7 11.cxd5 cxd5 12.Nb5 Ndf6 13.Nc7 Rb8 14.Nxd5 Rb7 15.Nxe7+ Rxe7
16.Rac1 Nd5 17.Bxe4 fxe4 18.Ne5 Qe8 19.Bg5 Nf6 20.Qc6 Bb7 21.Qxe8 Rfxe8 22.Rc2 Bd5
23.b3 h6 24.Bh4 g5 25.Bg3 Nh5 26.Bh2 Ng7 27.Rfc1 Nf5 28.Rc7 Kg7 29.Rxe7+ Rxe7
30.Nc6 Rd7 31.Be5+ Kh7 32.Nb8 Re7 33.Nc6 Rd7 34.Nb4 Bb7 35.Rc7 Rxc7 36.Bxc7 Kg6
37.Bb8 a5 38.Nc2 Ne7 39.Bd6 Nd5 40.Kf1 Ba6+ 41.Ke1 h5 42.a3 Bd3 43.Kd2 Bf1
44.Ne1 Kf5 45.Be5 h4 46.Bd6 b5 47.Be5 a4 48.bxa4 bxa4 49.Bd6 Kf6 50.Be5+ Kf5
51.Bd6 Nb6 52.Kc3 Nc4 53.Be7 Nb6 54.Bd6 Nd5+ 55.Kd2 Kg6 56.Be5 Kh5 57.Bd6 Nb6
58.Kc3 Nc4 59.Be7 Na5 60.Bd6 Nb3 61.Kc2 Kg6 62.Be7 Kf5 63.f3 exf3 64.Nxf3 Ke4  1/2-1/2

[Event "11th Schloss Open"]
[Site "Werther GER"]
[Date "2005.03.19"]
[Round "2"]
[White "Hoffmann,Al1"]
[Black "Peschel,A"]
[Result "1/2-1/2"]
[WhiteElo "2428"]
[BlackElo "2187"]

1.c4 e6 2.Nf3 d5 3.d4 c6 4.Qc2 Nf6 5.Bg5 Qa5+ 6.Nbd2 Nbd7 7.a3 dxc4 8.Qxc4 c5
9.dxc5 Qxc5 10.e3 Be7 11.Rc1 O-O 12.Qxc5 Bxc5 13.b4 Be7 14.Nb3 h6 15.Bh4 b6
16.Nbd4 Re8 17.Bb5 a6 18.Bc6 Ra7 19.O-O Rd8 20.Rfd1 Nb8 21.Ne5 Bb7 22.Bxb7 Rxb7
23.Kf1 g5 24.Bg3 Ne4 25.Ndc6 Nxc6 26.Nxc6 Rxd1+ 27.Rxd1 Nxg3+ 28.hxg3 Bf6
29.e4 Rc7 30.Rd6 Bb2 31.a4 Kg7 32.Ke2 Ba3 33.Nd4 Bxb4 34.Rxb6  1/2-1/2

[Event "ch-EU"]
[Site "Cork IRL"]
[Date "2005.03.25"]
[Round "4"]
[White "Thompson,I"]
[Black "Ziatdinov,R"]
[Result "0-1"]
[WhiteElo "2256"]
[BlackElo "2441"]

1.c4 e6 2.Nf3 d5 3.d4 Nf6 4.Nc3 Be7 5.Bg5 O-O 6.e3 Nbd7 7.Rc1 a6 8.cxd5 exd5
9.Bd3 Re8 10.O-O Nf8 11.Qc2 c6 12.Rce1 Be6 13.Ne5 N6d7 14.Bxe7 Rxe7 15.f4 f6
16.Nf3 Nb6 17.f5 Bf7 18.e4 dxe4 19.Rxe4 Rd7 20.Ne2 Nd5 21.Nf4 Nb4 22.Qd2 Nxd3
23.Qxd3 Qa5 24.Ne6 Qxa2 25.Nc5 Bc4 26.Qb1 Qxb1 27.Rxb1 Rc7 28.Re3 Rd8 29.Rbe1 Kf7
30.g4 b6 31.Na4 Rb7 32.Kf2 Bd5 33.Nd2 g6 34.b4 h5 35.fxg6+ Nxg6 36.gxh5 Nf4
37.Rg1 Rh8 38.Nc3 Rxh5 39.Nxd5 Nxd5 40.Reg3 Rxh2+ 41.Kf3 Re7 42.Nc4 Rc2 43.Rg7+ Ke8
44.Nd6+ Kd7 45.Ne4 f5 46.Rxe7+ Kxe7  0-1

[Event "43rd Doeberl Cup"]
[Site "Canberra AUS"]
[Date "2005.03.28"]
[Round "7"]
[White "Johansen,D"]
[Black "Zvedeniouk,I"]
[Result "1/2-1/2"]
[WhiteElo "2471"]
[BlackElo "2168"]

1.c4 e6 2.Nf3 d5 3.d4 Nf6 4.Nc3 Nbd7 5.cxd5 exd5 6.Bg5 Be7 7.e3 O-O 8.Qc2 h6
9.Bf4 c6 10.Bd3 Nh5 11.O-O-O Nxf4 12.exf4 Nf6 13.h3 c5 14.dxc5 Bxc5 15.Kb1 Qc7
16.Ne5 Bd4 17.Rhe1 Re8 18.Qd2 Bxc3 19.Qxc3 Qxc3 20.bxc3 Ne4 21.Bxe4 dxe4
22.Nc4 Be6 23.Nd6 Re7 24.f5 Bd7 25.g4 Bc6 26.f6 Re6 27.fxg7 Kxg7 28.Rd4 Kg6
29.Kb2 Rd8 30.Nf5 Rxd4 31.Nxd4 Rf6 32.Nxc6 Rxf2+ 33.Kb3 bxc6 34.Rxe4 Rh2
35.Ra4 Rxh3 36.Rxa7 Rg3 37.Rc7 Rxg4 38.Rxc6+ Kg5 39.Rc8 h5 40.a4 Re4 41.a5 Re1
42.Kb4 h4 43.a6 Rb1+ 44.Kc5 Ra1 45.Kb6 Rb1+ 46.Kc7 Ra1 47.Kb7 Rb1+  1/2-1/2

[Event "Belgrade Cup"]
[Site "Belgrade SCG"]
[Date "2005.04.06"]
[Round "2"]
[White "Pjevovic,B"]
[Black "Karaklajic,N"]
[Result "1/2-1/2"]
[WhiteElo "2248"]
[BlackElo "2365"]

1.c4 e6 2.Nf3 d5 3.d4 Nf6 4.Nc3 c6 5.cxd5 exd5 6.Bg5 h6 7.Bh4 Bf5 8.e3 Qb6
9.Qc1 Nbd7 10.Be2 Bd6 11.O-O Qc7 12.Bg3 Bxg3 13.hxg3 O-O 14.b4 Rac8 15.Qb2 Rfe8
16.Rac1 Qd6 17.b5 Ne4 18.bxc6 bxc6 19.Nxe4 Bxe4 20.Nd2 Rc7 21.Qc3 Bf5 22.Bd3 Bxd3
23.Qxd3 Nf6 24.Rc3 Ne4 25.Nxe4 Rxe4 26.Rb1 g6 27.Qa6 h5 28.Rb7 Ree7 29.Rxc7 Rxc7
30.Qa3 Qxa3 31.Rxa3 Kf8 32.Kf1 Ke7 33.Ke2 Rb7 34.Kf3 f5 35.Ra6 Rc7 36.Ke2 Kd6
37.Kd3 Rd7 38.Kc2 g5 39.Ra3 Rg7 40.Kd3 h4 41.Ke2 hxg3 42.fxg3 g4 43.Rb3 Kc7
44.Rb1 a5 45.a4 Rh7 46.Re1 Rh2 47.Kf2 Rh8 48.Rb1 Kd6  1/2-1/2

[Event "Torch Real Estate Cup"]
[Site "Jinan CHN"]
[Date "2005.04.20"]
[Round "1"]
[White "Ju Wenjun"]
[Black "Wang Xinyue"]
[Result "0-1"]
[WhiteElo "2281"]
[BlackElo "1978"]

1.c4 e6 2.Nf3 d5 3.g3 Nf6 4.Bg2 Be7 5.O-O O-O 6.b3 c5 7.Bb2 Nc6 8.cxd5 exd5
9.d4 b6 10.Nc3 Be6 11.e3 Rc8 12.Rc1 Qd6 13.Qe2 Rfd8 14.Rfd1 Qb8 15.Ne5 Na5
16.e4 cxd4 17.Nxd5 Nxd5 18.Rxc8 Qxc8 19.exd5 Bxd5 20.Rxd4 Bxg2 21.Kxg2 Rxd4
22.Bxd4 f6 23.Nd3 Nc6 24.Bb2 Bd6 25.Qe4 Ne7 26.h4 Qc6 27.Qxc6 Nxc6 28.Kf3 f5
29.Bc3 Kf7 30.Ke3 h6 31.h5 g5 32.hxg6+ Kxg6 33.Nf4+ Kg5 34.Ne6+ Kg4 35.Ng7 f4+
36.gxf4 Bxf4+ 37.Ke4 Bb8 38.Bd2 h5 39.f3+ Kh4 40.f4 Kg4 41.f5 h4 42.Ke3 Bf4+
43.Ke4 Bxd2 44.f6 h3 45.f7 Bb4 46.Nf5 h2 47.Ne3+ Kh3  0-1

[Event "2nd Open"]
[Site "Porto Carras GRE"]
[Date "2005.04.22"]
[Round "1"]
[White "Allahverdiev,A"]
[Black "Laubscher,A"]
[Result "1-0"]
[WhiteElo "2441"]
[BlackElo "1896"]

1.c4 e6 2.Nf3 d5 3.g3 Nf6 4.Bg2 c6 5.b3 Be7 6.Bb2 O-O 7.O-O Na6 8.d3 Nc7
9.Nbd2 Rb8 10.Qc2 c5 11.e3 b6 12.d4 Bb7 13.dxc5 Bxc5 14.Ng5 Nce8 15.cxd5 exd5
16.Rfd1 h6 17.Nh3 Rc8 18.Qd3 Qe7 19.Nf4 Nc7 20.Qf5 Qd7 21.Qxd7 Nxd7 22.Nc4 Rfd8
23.Nxd5 Bxd5 24.Bxd5 Nxd5 25.Rxd5 Nf8 26.Rad1 Ne6 27.Kf1 Kf8 28.Rxd8+ Rxd8
29.Rxd8+ Nxd8 30.Ke2 f6 31.Ba3 Bxa3 32.Nxa3 Nc6 33.Nc2 Ke7 34.e4 Kd6 35.f4 g5
36.Kd3 h5 37.a3 a6 38.Ne3 Ne7 39.Nc4+ Kc7 40.e5 b5 41.Ne3 gxf4 42.exf6 Ng6
43.Nd5+ Kd6 44.Nxf4 Nxf4+ 45.gxf4 Ke6 46.Ke4 Kxf6 47.b4  1-0

[Event "23rd Liechtenstein Open"]
[Site "Triesen LIE"]
[Date "2005.05.01"]
[Round "3"]
[White "Habibi,Al"]
[Black "Senff,M"]
[Result "1/2-1/2"]
[WhiteElo "2297"]
[BlackElo "2430"]

1.c4 e6 2.Nf3 d5 3.b3 Nf6 4.Bb2 Be7 5.e3 O-O 6.Be2 c5 7.O-O Nc6 8.d3 d4 9.exd4 cxd4
10.Na3 e5 11.Nc2 a5 12.a3 Re8 13.Qd2 Rb8 14.b4 axb4 15.Nxb4 Bc5 16.Ng5 Bf5
17.Bf3 Qa5 18.Qe2 Bxb4 19.axb4 Qxb4 20.Rab1 Qc5 21.Rfc1 Ra8 22.Ne4 Nxe4 23.Bxe4 Bxe4
24.Qxe4 Ra2 25.Re1 Rea8 26.f4 exf4 27.Bc1 h6 28.Rxb7 Nd8 29.Rb5 Qc6 30.Rd5 Ne6
31.Bxf4 Ra1 32.Bg3 Rxe1+ 33.Bxe1 Ra1 34.h4 Qb7 35.Kh2 Qb8+ 36.Bg3 Qb1 37.Bf2 Qb8+
38.Bg3 Qb1 39.Bf2 Qb8+  1/2-1/2

[Event "ch-FRA National 1"]
[Site "Lille FRA"]
[Date "2005.05.05"]
[Round "8"]
[White "Jossien,A"]
[Black "Crut,A"]
[Result "1-0"]
[WhiteElo "2317"]
[BlackElo "2344"]

1.c4 e6 2.Nf3 d5 3.b3 Nf6 4.Bb2 c5 5.g3 Nc6 6.Bg2 d4 7.d3 e5 8.Nbd2 Be7 9.a3 O-O
10.O-O Re8 11.Qb1 Bf5 12.Ne4 Nxe4 13.dxe4 Be6 14.e3 Na5 15.exd4 exd4 16.Nd2 b5
17.cxb5 Nxb3 18.Nxb3 Bxb3 19.Qd3 Ba4 20.Rfb1 Rb8 21.Bc1 Qa5 22.Bf1 Qc3 23.Bd2 Qxd3
24.Bxd3 Rbc8 25.Rc1 Bb3 26.Bc4 Bxc4 27.Rxc4 Bd6 28.f3 f5 29.Re1 fxe4 30.fxe4 Re6
31.Bf4 Bf8 32.Kf2 Rce8 33.Kf3 h6 34.h4 Ra8 35.Rb1 Rae8 36.Re1 Rf6 37.h5 Rfe6
38.a4 Rd8 39.a5 d3 40.Rd1 Rd7 41.Ke3 Rb7 42.Rb1 Rd7 43.Kd2 Bd6 44.b6 axb6
45.axb6 Rb7 46.Kxd3 Be7 47.Bc7 Bd6 48.Bxd6 Rxd6+ 49.Ke3 Rc6 50.Rb5 Rcxb6
51.Rxb6 Rxb6 52.Rxc5 Kf7 53.Kf4 Kf6 54.Rf5+ Ke6 55.Re5+ Kf6 56.Rd5 Ke6 57.Ra5 Kf6
58.Ra7 Rc6 59.e5+ Ke6 60.Rxg7 Rc4+ 61.Kf3 Kxe5 62.Rg6 Rc3+ 63.Kg4 Rc4+ 64.Kh3 Rc1
65.Rxh6 Kf5 66.g4+ Kf4 67.Rf6+ Kg5 68.Rf5+ Kh6 69.Rf2 Rc3+ 70.Kh4 Rc4 71.Rf6+ Kg7
72.Re6 Ra4 73.Kg5 Ra5+ 74.Kf4 Ra4+ 75.Re4 Ra1 76.Kf5 Rf1+ 77.Kg5 Rf7 78.Re6 Ra7
79.h6+ Kh7 80.Kh5 Ra5+ 81.g5 Rb5 82.Re7+ Kg8 83.Kg6 Rb6+ 84.Kf5 Rb1 85.Kf6 Rf1+
86.Kg6 Rf8 87.Rg7+ Kh8 88.Rf7 Ra8 89.Rf6 Rb8 90.Re6 Kg8 91.Kf5 Rb1 92.g6 Rf1+
93.Ke5 Rf8 94.g7 Ra8 95.Kf6 Kh7 96.Kf7 Ra7+ 97.Re7 Ra8 98.Re8 Ra7+ 99.Kf8  1-0

[Event "Chigorin CC"]
[Site "St Petersburg RUS"]
[Date "2005.05.16"]
[Round "1"]
[White "Prosunchikov,G"]
[Black "Vunder,Y"]
[Result "0-1"]
[WhiteElo "1990"]
[BlackElo "2237"]

1.c4 e6 2.Nf3 d5 3.cxd5 exd5 4.g3 Nf6 5.Bg2 Bd6 6.O-O O-O 7.d3 c6 8.Re1 Re8
9.Nbd2 Nbd7 10.Qc2 Qb6 11.e3 Nc5 12.Nd4 a5 13.b3 a4 14.Bb2 a3 15.Bc3 Na6
16.Rad1 Nb4 17.Qb1 c5 18.N4f3 Bf8 19.e4 d4 20.Bxb4 Qxb4 21.h3 g6 22.Nh4 g5
23.Nhf3 g4 24.hxg4 Bxg4 25.Nf1 Ra6 26.Qc1 Nd5 27.N1h2 Bh5 28.Qg5+ Bg6 29.Bh3 Nf6
30.Nh4 h6 31.Qc1 Nh7 32.f4 Be7 33.N2f3 Kh8 34.Kh2 Nf6 35.f5 Bh7 36.e5 Nd5
37.f6 Bf8 38.Ng2 Nc3 39.Rd2 Qb5 40.Qc2 Nd5 41.Nfh4 Nb4 42.Qc4 Qxc4 43.dxc4 Nd3
44.Rxd3 Bxd3 45.Nf4 Bc2 46.Nf3 d3 47.Nd5 Bd6 48.Bg4 d2 49.Nxd2 Rxe5 50.Rf1 Bd3
51.Rf2 Rg5 52.Ne3 h5 53.Nf3 Rg8 54.Bxh5 Bxg3+ 55.Kg2 Bxf2+ 56.Kxf2 Rxf6 57.Ke1 Bb1
58.Kd2 Bxa2 59.Kc2 Rg3  0-1

[Event "Berman Hillman"]
[Site "Santa Cruz BOL"]
[Date "2005.06.07"]
[Round "1"]
[White "Pacheco,D"]
[Black "Vera,K"]
[Result "0-1"]
[WhiteElo "2343"]
[BlackElo "2270"]

1.c4 e6 2.Nf3 d5 3.g3 Nf6 4.Bg2 Be7 5.O-O O-O 6.d4 dxc4 7.Qc2 Nbd7 8.Qxc4 c5
9.Rd1 Nb6 10.Qc2 cxd4 11.Nxd4 Nbd5 12.e4 Nb4 13.Qe2 Qe8 14.Nb5 Nc2 15.e5 Nd5
16.Rxd5 exd5 17.Nc7 Nd4 18.Qd1 Qc6 19.Nc3 Qxc7 20.Qxd4 Bc5 21.Qxd5 Be6 22.Qxb7 Qxb7
23.Bxb7 Rab8 24.Bd5 Bd4 25.Bxe6 fxe6 26.Nd1 Bxe5 27.Rb1 Bd4 28.Be3 e5 29.Kf1 Rf6
30.Rc1 Bxe3 31.Nxe3 Rxb2 32.a4 Rfxf2+ 33.Kg1 h5 34.Rc8+ Kh7 35.Rc7 Rfe2 36.Nf1 Rg2+
37.Kh1 e4 38.Rxa7 Rgf2 39.Kg1 Rf3  0-1

[Event "TCh-IRI"]
[Site "Tehran IRI"]
[Date "2005.06.09"]
[Round "3"]
[White "Mallahi,A"]
[Black "Akbarinia,S"]
[Result "1-0"]
[WhiteElo "2419"]
[BlackElo "2249"]

1.c4 e6 2.Nf3 d5 3.g3 Nf6 4.Bg2 Be7 5.O-O O-O 6.b3 b6 7.Bb2 Bb7 8.e3 Nbd7
9.Nc3 c5 10.Qe2 Ne4 11.Rfd1 Rc8 12.Rac1 Bf6 13.cxd5 exd5 14.d4 Re8 15.dxc5 Nxc3
16.Bxc3 bxc5 17.Ne1 Bxc3 18.Rxc3 Nf6 19.Qc2 Qb6 20.Nd3 Nd7 21.Rc1 Rc7 22.Nxc5 Rec8
23.Ne4 Rxc3 24.Nxc3 d4 25.exd4 Bxg2 26.Kxg2 Nf6 27.Qd1 Qa5 28.Qf3 h6 29.b4 Qa6
30.a4 Rc4 31.b5 Qc8 32.Qe3 Ng4 33.Qd2 Nf6 34.Qe3 Ng4 35.Qf3 Nf6 36.a5 Qc7
37.b6 axb6 38.Qa8+ Kh7 39.Nb5 Qd7 40.Rxc4 Qxb5 41.Rc8 bxa5 42.Rh8+ Kg6 43.Qf3 a4
44.g4 Qd7 45.h3 Kg5 46.h4+ Kxh4 47.Qg3+ Kg5 48.f4+  1-0

[Event "19th Open Pula"]
[Site "Pula CRO"]
[Date "2005.06.23"]
[Round "6"]
[White "Rukavina,J"]
[Black "Paci,C"]
[Result "1-0"]
[WhiteElo "2426"]
[BlackElo "2266"]

1.c4 e6 2.Nf3 d5 3.b3 Nf6 4.g3 Be7 5.Bg2 O-O 6.O-O c5 7.e3 Nc6 8.Bb2 b6 9.Nc3 Bb7
10.Qe2 dxc4 11.bxc4 Qd7 12.Rfd1 Rfd8 13.d4 cxd4 14.exd4 Na5 15.d5 Qc8 16.Rd4 Ba6
17.Ne5 Bc5 18.Rh4 Bd6 19.Ne4 Bxe5 20.Bxe5 Nd7 21.Bxg7 Kxg7 22.Qg4+  1-0

[Event "White Nights"]
[Site "St Petersburg RUS"]
[Date "2005.06.23"]
[Round "6"]
[White "Karasev,V"]
[Black "Solovjov,S"]
[Result "0-1"]
[WhiteElo "2396"]
[BlackElo "2473"]

1.c4 e6 2.Nf3 d5 3.g3 d4 4.Bg2 c5 5.b4 cxb4 6.a3 b3 7.Qxb3 Nc6 8.O-O Nf6
9.e3 e5 10.exd4 exd4 11.Qb5 Be7 12.Ne5 O-O 13.Nxc6 bxc6 14.Qxc6 Rb8 15.d3 Rb3
16.Nd2 Rxd3 17.Ne4 Bd7 18.Qb7 Be6 19.Nxf6+ Bxf6 20.Bd5 Re8 21.Bf4 g5 22.Bc7 Qc8
23.Rab1 Rc3 24.Qc6 Qd7 25.Qxd7 Bxd7 26.Bd6 d3 27.Rb7 Be6 28.Rd1 Bd4 29.Bb4 Rc2
30.Bxe6 Rxe6 31.Rxd3 Bxf2+ 32.Kf1 Bb6 33.Bd2 h6 34.Rdd7 Rf6+ 35.Ke2 Rf2+
36.Kd1 Ra2 37.Rd3 Rxh2 38.Re7 Ba5 39.Red7 Rhxd2+ 40.Rxd2 Rxd2+ 41.Rxd2 Bxd2
42.Kxd2 h5  0-1

[Event "White Nights"]
[Site "St Petersburg RUS"]
[Date "2005.06.23"]
[Round "6"]
[White "Vunder,Y"]
[Black "Yankovsky,R"]
[Result "1/2-1/2"]
[WhiteElo "2237"]
[BlackElo "2161"]

1.c4 e6 2.Nf3 d5 3.g3 Nf6 4.Bg2 Be7 5.O-O O-O 6.b3 a5 7.Bb2 a4 8.Na3 c6 9.d3 c5
10.e3 Nc6 11.Qe2 b6 12.Nb5 Bb7 13.Rfd1 Qb8 14.Bc3 Rd8 15.Qb2 Rd7 16.Ne5 Nxe5
17.Bxe5 Qd8 18.cxd5 Bxd5 19.Bxd5 Rxd5 20.bxa4 Rxd3 21.Qc2 Rxd1+ 22.Rxd1  1/2-1/2

[Event "Suduroy"]
[Site "Tvoroyri FAI"]
[Date "2005.06.23"]
[Round "6"]
[White "Rodgaard,J"]
[Black "Glud,J"]
[Result "1/2-1/2"]
[WhiteElo "2331"]
[BlackElo "2319"]

1.c4 e6 2.Nf3 d5 3.d4 Nf6 4.Nc3 Be7 5.Bg5 Nbd7 6.e3 O-O 7.cxd5 exd5 8.Bd3 c6
9.Qc2 Re8 10.O-O g6 11.h3 Nh5 12.Bxe7 Qxe7 13.Rab1 Nhf6 14.b4 a6 15.a4 Nb6
16.Rfe1  1/2-1/2

[Event "19th Open Pula"]
[Site "Pula CRO"]
[Date "2005.06.25"]
[Round "8"]
[White "Rukavina,J"]
[Black "Plenkovic,Z"]
[Result "1-0"]
[WhiteElo "2426"]
[BlackElo "2302"]

1.c4 e6 2.Nf3 d5 3.g3 Nf6 4.Bg2 Be7 5.O-O O-O 6.d4 a5 7.Nc3 Ne4 8.Ne5 f6
9.Nd3 f5 10.cxd5 exd5 11.Qb3 Nxc3 12.bxc3 c6 13.c4 a4 14.Qc2 dxc4 15.Qxc4+ Kh8
16.Nf4 b5 17.Qd3 g5 18.Nh3 Bf6 19.Ba3 Re8 20.d5 cxd5 21.Rac1 Be6 22.Qxb5 Ra5
23.Qb7 d4 24.Rc7 Bg8 25.Rfc1 d3 26.Rc8 dxe2 27.Rxd8 Rxd8 28.Re1 Rd1 29.Bb4 Rc5
30.Nxg5 Bxg5 31.Qxb8 Bf6 32.Qf8 Bd4 33.Qe8 Rcc1 34.Bd5 Rxe1+ 35.Bxe1 Rxe1+
36.Kg2  1-0

[Event "6th EICC"]
[Site "Warsaw POL"]
[Date "2005.06.26"]
[Round "8"]
[White "Iljushin,A"]
[Black "Riazantsev,A"]
[Result "1/2-1/2"]
[WhiteElo "2543"]
[BlackElo "2608"]

1.c4 e6 2.Nf3 d5 3.g3 Nf6 4.Bg2 dxc4 5.Qa4+ c6 6.Qxc4 b5 7.Qc2 Bb7 8.O-O Nbd7
9.b3 Be7 10.Bb2 O-O 11.d3 c5 12.Nbd2 Nd5 13.a3 a5 14.e4 N5b6 15.a4 bxa4 16.bxa4 Qc7
17.Rfc1 Rfc8 18.Bf1 Bc6 19.Bc3 Qd8 20.Be2 Qe8 21.Bd1 Bd6 22.Qa2 Qd8 23.Rab1 Bf8
24.Bb3 Ra7 25.h4 h6 26.Kg2 Qe8 27.Nc4 Nxc4 28.Bxc4 Nb8 29.Rb6 Nd7 30.Rb2 Nb8
31.Rcb1 Na6 32.Bxa6 Rxa6 33.Qc4 Ra7 34.Ne5 Bxa4 35.Ra1 Bc6 36.Nxc6 Qxc6 37.Rxa5 Rxa5
38.Bxa5 Ra8 39.Rb5 Qd7 40.Bd2 Ra3 41.Rb3 Ra4 42.Qb5  1/2-1/2

[Event "6th EICC"]
[Site "Warsaw POL"]
[Date "2005.06.27"]
[Round "9"]
[White "Cvitan,O"]
[Black "Erenburg,S"]
[Result "1/2-1/2"]
[WhiteElo "2481"]
[BlackElo "2575"]

1.c4 e6 2.Nf3 d5 3.d4 c6 4.e3 Bd6 5.Nc3 f5 6.Bd3 Nf6 7.O-O O-O 8.b3 Ne4 9.Bb2 Nd7
10.Ne2 Qf6 11.Rc1 g5 12.Rc2 g4 13.Nd2 Qh6 14.g3 Rf6 15.Bxe4 fxe4 16.Nf4 Qg5
17.Qc1 Rh6 18.Re1 Nf8 19.Ba3 Bc7 20.Bxf8 Kxf8 21.b4 Bd7 22.b5 Kg8 23.bxc6 Bxc6
24.Nxe6 Rxe6 25.cxd5 Qxd5 26.Rc5 Qd6 27.d5 Re5 28.Nxe4 Rxe4 29.dxc6 b6 30.Rg5+ Kh8
31.Qc3+ Re5 32.Rxg4 Qf6 33.Rd1 Rf8 34.Rf4 Rf5 35.Rxf5 Qxc3 36.Rxf8+ Kg7 37.Ra8 Qxc6
38.Rxa7 Kg6 39.Ra3 h5 40.h4 Kf5 41.Rad3 Be5 42.Rd5 Ke6 43.Rd8 Qa4 44.R1d2 Qc6
45.Kh2 b5 46.f4 Bc7 47.Rg8 Qc3 48.Rg2 b4 49.Rg5 Qxe3 50.Rxh5 Kf6 51.Rg5 Bb6
52.Re5 Qc3 53.Rge2 Bd4 54.Re6+ Kf5 55.Re8 Kg4 56.Rg2 Kf3 57.Ree2 Qc1 58.f5 Qb1
59.f6 Qg6 60.Re1 Bxf6 61.Rf1+ Ke3 62.Rf4 Bc3 63.Rgf2 Be5 64.R2f3+ Ke2 65.Rf2+ Ke1
66.Rf1+ Kd2 67.R1f2+ Kd1 68.Rf1+ Kc2 69.R1f2+ Kc1 70.Rf1+ Kb2 71.Rxb4+ Kxa2
72.Rg1 Qd3 73.Rg2+ Ka3 74.Rg4 Qf3 75.Rg5 Bf6 76.Ra5+ Kb4 77.Rga2 Bb2 78.R2a4+ Kb3
79.Rf4 Qe2+ 80.Kh3 Be5 81.Rxe5 Qxe5 82.Kg2 Kc3 83.Rf3+ Kd4 84.Rf4+ Kd5 85.Kg1 Qe2
86.Kh1 Qe1+ 87.Kg2 Ke5 88.Kh2 Qd1 89.Kg2 Qd8 90.Kg1 Qc7 91.Kh2 Qc6 92.Kg1 Qd5
93.Kh2 Qd7 94.Kg2 Qd2+ 95.Kg1  1/2-1/2

[Event "2nd RUS Pupils Summer Girls"]
[Site "Satka RUS"]
[Date "2005.06.30"]
[Round "4"]
[White "Karibaeva,E"]
[Black "Utkina,N"]
[Result "0-1"]
[WhiteElo "2237"]
[BlackElo "1959"]

1.c4 e6 2.Nf3 d5 3.b3 Nf6 4.Bb2 Be7 5.g3 O-O 6.Bg2 c6 7.O-O Nbd7 8.d3 b6
9.Nc3 Bb7 10.Rc1 c5 11.cxd5 exd5 12.d4 Ne4 13.Rc2 Rc8 14.Qa1 Bf6 15.Rd1 Qe7
16.Bh3 Rfd8 17.a4 Nxc3 18.Bxc3 Rc7 19.a5 Qe4 20.Rcd2 h6 21.Bg2 Qe6 22.axb6 axb6
23.dxc5 bxc5 24.Qa5 Rcc8 25.Bxf6 Nxf6 26.Rc2 Qe7 27.Bh3 Rc7 28.Rdc1 Ne4 29.Nh4 Ra8
30.Qe1 Ra3 31.Nf5 Qf6 32.Rb1 Ng5 33.Qf1 Bc8 34.g4 Nxh3+ 35.Qxh3 Bxf5 36.gxf5 c4
37.Qg4 Rb7 38.Qf3 Rbxb3 39.Rxb3 Rxb3 40.Qf4 c3 41.Ra2 Rb2 42.Ra8+ Kh7 43.Rc8 Rxe2
44.Qb8 Re1+  0-1